The LITTLE Mermaid [
| Format: | Book |
|---|---|
| Published: |
s.l. :
Walt Disney Home Video ,
19_.
|
| Subjects: |
MARC
| LEADER | 00000cam a2200000 7i4500 | ||
|---|---|---|---|
| 001 | 0000000240 | ||
| 002 | 000000310 | ||
| 005 | 20000330.0 | ||
| 020 | |a 000000310 | ||
| 090 | 0 | 0 | |a JF |b LIT |
| 245 | 0 | 4 | |a The LITTLE Mermaid [ |h videorecoding] |
| 260 | |a s.l. : |b Walt Disney Home Video , |c 19_. | ||
| 300 | |a 1 videocassette VHS (79:00 min) : |b Col.(PAL) | ||
| 650 | 0 | 0 | |a Fairy tales |x cartoons and caricatures |
| 999 | |a PV0240 |b VIDEO |c JUNIOR REFERENCE |e PERPUSTAKAAN KOMUNITI PETALING JAYA | ||